Jojo's Bizarre Adventure- Points de repères de Morioh - Statistiques

Statistiques générales
  • Ce quiz a été pris 18 fois
  • Le résultat moyen est 1 sur 9
Statistiques - réponses
Points de repères de Morioh % Correct
Rocher Angelo
94%
Maison de Rohan Kishibe
12%
Morioh Grand Hotel
12%
St Gentlemen
12%
Trattoria de Trussardi
12%
Allée de la fille fantôme
0%
Cap Boiiing
0%
L'homme qui habite dans un pylône
0%
Tunnel Futatsumori
0%
Aucun quiz correspondant
Distribution des résultats
% des personnes avec chaque résultat
Percentile par nombre de réponses
Votre historique - résultats
Vous n’avez pas pris ce quiz